| 000 | 01092nam a22002657a 4500 | ||
|---|---|---|---|
| 005 | 20260408150327.0 | ||
| 008 | 260408t2026 xxk||||| ||||o00| 0 eng d | ||
| 041 | _aeng | ||
| 110 | 2 | _aNational Audit Office | |
| 245 | _aInvestigation into shared ownership | ||
| 260 |
_bNational Audit Office and Ministry of Housing, Communities & Local Government, _cMarch 2026 |
||
| 300 | _a39p. | ||
| 490 |
_aHC _v1742 |
||
| 520 | _aThis report sets out the facts on how the shared ownership model in England works, the challenges that affect shared ownership, redress (routes for complaints and resolution) for shared owners, and improvements made to the model by MHCLG and Homes England. | ||
| 650 | _aAFFORDABLE HOUSING | ||
| 650 | _aHOUSING ACT 1980 | ||
| 650 | _aLANDLORD AND TENANT | ||
| 650 | _aRESIDENTIAL PROPERTY | ||
| 650 | _aSHARED OWNERSHIP | ||
| 651 | _aEngland | ||
| 690 |
_aResidential property _96266 |
||
| 700 | _aDavies, Gareth | ||
| 856 |
_uhttps://www.nao.org.uk/wp-content/uploads/2026/03/investigation-into-shared-ownership.pdf _zView report |
||
| 942 | _n0 | ||
| 999 |
_c122344 _d122344 |
||